00755nam a2200217Ii 45000010005000000030009000050080041000140400033000550410008000880820012000961000030001082450031001382640070001693000012002393360026002513370028002773380027003059400050003329990017003829520138003995312CO-ViMGA241108s9999||||xx |||||||||||||| ||und|| aCO-ViMGAbspaerdacCO-ViMGA0 aunk04a809-T691 aGuillermo de Torre95484710aLas metamorfosis de Proteo 1a[Lugar de publicación no identificado] : Editorial Losada, 1965 avolumen atextbtxt2rdacontent aunmediatedbn2rdamedia avolumebnc2rdacarrier aidficha_siabuc: 5170. -- ficha_no_siabuc:5312 c52109d52109 001040708001aMEVIGERRbMEVIGERRcGENd2006-11-27hVol.1o809-T69pECA4422r2024-11-26 10:08:53tEj.1w2024-11-26yBKz5170 | 7382